MARC details
| 000 -LEADER |
| campo de control de longitud fija |
01543nas a2200349 i 4500 |
| 001 - NÚMERO DE CONTROL |
| campo de control |
523 |
| 003 - IDENTIFICADOR DE NÚMERO DE CONTROL |
| campo de control |
ES-MaACL |
| 005 - FECHA Y HORA DE LA ÚLTIMA TRANSACCIÓN |
| campo de control |
20250902111615.0 |
| 007 - CAMPO FIJO DE DESCRIPCIÓN FÍSICA--INFORMACIÓN GENERAL |
| campo de control de longitud fija |
t| |
| 008 - DATOS DE LONGITUD FIJA--INFORMACIÓN GENERAL |
| campo de control de longitud fija |
950801d19031919sp m|yp | ||pa d |
| 022 ## - NÚMERO INTERNACIONAL NORMALIZADO PARA PUBLICACIONES SERIADAS |
| Número Internacional Normalizado para Publicaciones Seriadas |
2482-4909 |
| 080 ## - NÚMERO DE LA CLASIFICACIÓN DECIMAL UNIVERSAL |
| Número de la Clasificación Decimal Universal |
(460) |
| 080 ## - NÚMERO DE LA CLASIFICACIÓN DECIMAL UNIVERSAL |
| Número de la Clasificación Decimal Universal |
908(460.18) |
| 245 00 - MENCIÓN DEL TÍTULO |
| Título |
Boletín de la Sociedad Castellana de Excursiones. |
| 246 13 - FORMA VARIANTE DEL TITULO |
| Título propio/Titulo breve |
Castilla artística e histórica |
| 260 ## - PUBLICACIÓN, DISTRIBUCIÓN, ETC. |
| Lugar de publicación, distribución, etc. |
Valladolid : |
| Nombre del editor, distribuidor, etc. |
Sociedad Castellana de Excursiones, |
| Fecha de publicación, distribución, etc. |
1903-1919 ( |
| Fabricante |
Imp. de Juan R. Hernando) |
| 300 ## - DESCRIPCIÓN FÍSICA |
| Extensión |
v. : |
| Otras características físicas |
il. ; |
| Dimensiones |
27 y 24 cm. |
| 310 ## - PERIODICIDAD ACTUAL |
| Periodicidad actual |
Mensual |
| 362 0# - FECHAS DE PUBLICACIÓN Y/O DESIGNACIÓN SECUENCIAL |
| Fecha de publicación y/o designación secuencial |
Año 1, n. 1/3 (en.-marzo 1903)-año 14, n. 168 (dic. 1916) |
| 362 0# - FECHAS DE PUBLICACIÓN Y/O DESIGNACIÓN SECUENCIAL |
| Fecha de publicación y/o designación secuencial |
Año 15, n. 169 (en. 1917)-año 17, n. 204 (dic. 1919) |
| 530 ## - NOTA DISPONIBLE DE FORMULARIO FÍSICO ADICIONAL |
| Nota de formato físico adicional disponible |
Disponible en formato digital. |
| 547 ## - NOTA DE RELACIÓN COMPLEJA CON LOS TÍTULOS ANTERIORES |
| Nota de relación compleja con los títulos anteriores |
Desde 1917 se titula: Castilla artística e histórica : boletín de la Sociedad Castellana de Excursiones. |
| 650 14 - PUNTO DE ACCESO ADICIONAL DE MATERIA--TÉRMINO DE MATERIA |
| Término de materia o nombre geográfico como elemento de entrada |
Arte- |
| Subdivisión geográfica |
Castilla y León |
| 9 (RLIN) |
10088 |
| 650 #4 - PUNTO DE ACCESO ADICIONAL DE MATERIA--TÉRMINO DE MATERIA |
| Término de materia o nombre geográfico como elemento de entrada |
Instituciones científicas y diversas |
| 9 (RLIN) |
13829 |
| 651 #4 - PUNTO DE ACCESO ADICIONAL DE MATERIA--NOMBRE GEOGRÁFICO |
| Nombre geográfico |
Castilla y León- |
| Subdivisión general |
Historia. |
| 9 (RLIN) |
8001 |
| 710 2# - ENTRADA AGREGADA--NOMBRE DE ENTIDAD CORPORATIVA |
| Nombre de entidad corporativa o nombre de jurisdicción como elemento de entrada |
Sociedad Castellana de Excursiones |
| 9 (RLIN) |
6648 |
| 852 ## - LOCALIZACIÓN |
| Ubicación |
ES-MaACL |
| Número de control de estantería |
R-2587-96 |
| Encuadernación |
Olim: G-5998-07 |
| 856 ## - LOCALIZACIÓN Y ACCESO ELECTRÓNICOS |
| Identificador Uniforme de Recursos |
<a href="http://bibliotecadigital.jcyl.es/i18n/consulta/registro.cmd?id=19963">http://bibliotecadigital.jcyl.es/i18n/consulta/registro.cmd?id=19963</a> |
| Nota pública |
Biblioteca Digital de Castilla y León |
| -- |
(Boletín de la Sociedad Castellana de Excursiones) |
| 856 ## - LOCALIZACIÓN Y ACCESO ELECTRÓNICOS |
| Identificador Uniforme de Recursos |
<a href="http://bibliotecadigital.jcyl.es/i18n/consulta/registro.cmd?id=11066">http://bibliotecadigital.jcyl.es/i18n/consulta/registro.cmd?id=11066</a> |
| Nota pública |
Biblioteca Digital de Castilla y León |
| -- |
(Castilla artística e histórica) |
| 866 #0 - MENCIÓN TEXTUAL DE FONDOS--UNIDAD BIBLIOGRÁFICA BÁSICA |
| Fondos |
1903-19. |